Residues of some veterinary drugs in animals and foods : monographs /

Saved in:
Bibliographic Details
Corporate Authors: Joint FAO/WHO Expert Committee on Food Additives. Meeting, Food and Agriculture Organization of the United Nations
Format: Book
Language:English
Published: Rome : Food and Agriculture Organization of the United Nations, 1998.
Series:FAO food and nutrition paper ; 41/10.
Subjects:
LEADER 01571nam a2200313 a 4500
001 c000413676
003 CARM
005 00000000000000.0
008 980828s1998 it a b i10000 eng d
019 1 |a 14058030 
020 |a 9251041288 
040 |a CLONE  |c SSL 
082 0 4 |a 615.954  |2 21 
110 2 0 |a Joint FAO/WHO Expert Committee on Food Additives.  |b Meeting  |n (48rd :  |d 1997 :  |c Geneva, Switzerland) 
245 1 0 |a Residues of some veterinary drugs in animals and foods :  |b monographs /  |c prepared by the forty-eighth meeting of the Joint FAO/WHO Expert Committee on Food Additives, Geneva, 18-27 February 1997. 
260 |a Rome :  |b Food and Agriculture Organization of the United Nations,  |c 1998. 
300 |a viii, 91 p. :  |b ill. ;  |c 30 cm. 
490 0 |a FAO food and nutrition paper,  |x 0254-4725 ;  |v 41/10. 
500 |a "M-84"--T.p. verso. 
500 |a On cover: Ceftiofur, cyfluthrin, danofloxacin, dihydrostreptomycin and streptomycin, fluazuron, flumequine, moxidectin, spiramycin. 
504 |a Includes bibliographical references. 
650 0 |a Veterinary drug residues  |x Congresses. 
650 0 |a Food contamination  |x Congresses. 
650 0 |a Food of animal origin  |x Contamination  |x Congresses. 
710 2 |a Food and Agriculture Organization of the United Nations. 
830 0 |a FAO food and nutrition paper ;  |v 41/10. 
852 8 |b CARM  |h A3:AG13D0  |i F08150  |p 0566910  |f BK 
999 f f |i 807e1115-fc83-5ce0-a07a-fd1cd06e788a  |s 2067b89f-802b-58d3-a70c-ff5905050e81 
952 f f |p Can circulate  |a CAVAL  |b CAVAL  |c CAVAL  |d CARM 1 Store  |e F08150  |f A3:AG13D0  |h Other scheme  |i book  |m 0566910